<?xml version="1.0" encoding="UTF-8"?>
<record
    xmlns:xsi="http://www.w3.org/2001/XMLSchema-instance"
    xsi:schemaLocation="http://www.loc.gov/MARC21/slim http://www.loc.gov/standards/marcxml/schema/MARC21slim.xsd"
    xmlns="http://www.loc.gov/MARC21/slim">

  <leader>01274nam a2200205 a 4500</leader>
  <controlfield tag="001">000040111</controlfield>
  <controlfield tag="005">20201002033926.0</controlfield>
  <controlfield tag="008">130807s1990    mx ad         000 0 spa d</controlfield>
  <datafield tag="040" ind1=" " ind2=" ">
    <subfield code="a">DO-SdBNP</subfield>
    <subfield code="b">spa</subfield>
    <subfield code="c">BNPHU</subfield>
  </datafield>
  <datafield tag="082" ind1=" " ind2=" ">
    <subfield code="a">xxx</subfield>
    <subfield code="b">L364a</subfield>
  </datafield>
  <datafield tag="100" ind1="1" ind2=" ">
    <subfield code="a">Lattin, Gerald W.</subfield>
    <subfield code="9">66376</subfield>
  </datafield>
  <datafield tag="240" ind1="1" ind2="0">
    <subfield code="a">Modern hotel and motel management</subfield>
    <subfield code="l">Espa&#xF1;ol</subfield>
  </datafield>
  <datafield tag="245" ind1="1" ind2="0">
    <subfield code="a">Administraci&#xF3;n moderna de hoteles y moteles /</subfield>
    <subfield code="c">Gerald W. Lattin ; traducci&#xF3;n Agust&#xED;n Cont&#xED;n ; revisi&#xF3;n t&#xE9;cnica Oscar Rene Cruz.</subfield>
  </datafield>
  <datafield tag="260" ind1=" " ind2=" ">
    <subfield code="a">M&#xE9;xico :</subfield>
    <subfield code="b">National Print,</subfield>
    <subfield code="c">1990.</subfield>
  </datafield>
  <datafield tag="300" ind1=" " ind2=" ">
    <subfield code="a">274 p. :</subfield>
    <subfield code="b">il., diagrs. ;</subfield>
    <subfield code="c">25 cm.</subfield>
  </datafield>
  <datafield tag="505" ind1="0" ind2=" ">
    <subfield code="a">Parte 1.</subfield>
    <subfield code="t">Introducci&#xF3;n a la industria hotelera.</subfield>
    <subfield code="g">Capitulo 1</subfield>
    <subfield code="t">Desarrollo de la industria hotelera --</subfield>
    <subfield code="g">Capitulo 2</subfield>
    <subfield code="t">La industria en perspectiva --</subfield>
    <subfield code="g">Parte 2. Organizaci&#xF3;n de las operaciones hoteleras</subfield>
    <subfield code="g">Capitulo 3</subfield>
    <subfield code="t">Recepci&#xF3;n y matenimiento --</subfield>
    <subfield code="g">Capitulo 4</subfield>
    <subfield code="t">Departamento de abastecimiento --</subfield>
    <subfield code="g">Capitulo 5</subfield>
    <subfield code="t">Personal y contabilidad --</subfield>
    <subfield code="g">Capitulo 6</subfield>
    <subfield code="t">Departamento de ventas --</subfield>
    <subfield code="g">Parte 3. El furturo: oportunidades y tendencias</subfield>
    <subfield code="g">Capitulo 7</subfield>
    <subfield code="t">Oportunidades de carreras en la industria hotelera --</subfield>
    <subfield code="g">Capitulo 8</subfield>
    <subfield code="t">Visi&#xF3;n del futuro.</subfield>
    <subfield code="t">Ap&#xE9;ndice --</subfield>
    <subfield code="t">&#xCD;ndice alfab&#xE9;tico.</subfield>
  </datafield>
  <datafield tag="590" ind1=" " ind2=" ">
    <subfield code="a">Inventariado, 2019 /LP</subfield>
  </datafield>
  <datafield tag="700" ind1="1" ind2=" ">
    <subfield code="a">Cont&#xED;n, Agust&#xED;n,</subfield>
    <subfield code="e">traducci&#xF3;n</subfield>
    <subfield code="9">45783</subfield>
  </datafield>
  <datafield tag="700" ind1="1" ind2=" ">
    <subfield code="a">Rene Cruz, Oscar</subfield>
    <subfield code="9">66377</subfield>
  </datafield>
  <datafield tag="952" ind1=" " ind2=" ">
    <subfield code="0">0</subfield>
    <subfield code="1">0</subfield>
    <subfield code="5">0</subfield>
    <subfield code="7">1</subfield>
    <subfield code="8">MO</subfield>
    <subfield code="a">GR</subfield>
    <subfield code="b">GR</subfield>
    <subfield code="c">HD</subfield>
    <subfield code="d">2013-08-07</subfield>
    <subfield code="i">LF1</subfield>
    <subfield code="l">0</subfield>
    <subfield code="o">xxx L364a</subfield>
    <subfield code="p">40111-10</subfield>
    <subfield code="r">2020-06-25</subfield>
    <subfield code="w">2020-06-25</subfield>
    <subfield code="y">1</subfield>
    <subfield code="Z">No se presta</subfield>
  </datafield>
  <datafield tag="999" ind1=" " ind2=" ">
    <subfield code="c">39601</subfield>
    <subfield code="d">39601</subfield>
  </datafield>
</record>
